000
00289nam a22001337a 4500
008
170818b xxu||||| |||| 00| 0 eng d
020
_a
02321351
041
_a
eng
080
_a
51
100
_a
37
101
_a
MAT
245
_a
ANLYSE STOCHSTITER SYSMEME
_c
KEMPE.V
942
_2
udc
_c
BK
999
_c
24043
_d
24043